header

Historic house museums (Record no. 4250)

MARC details
000 -LEADER
fixed length control field 01430nam a2200337Ia 4500
082 04 - DEWEY DECIMAL CLASSIFICATION NUMBER
Classification number 363.6/9
100 1# - MAIN ENTRY--AUTHOR NAME
Personal name Butcher-Younghans, Sherry.
245 10 - TITLE STATEMENT
Title Historic house museums
260 ## - PUBLICATION, DISTRIBUTION, ETC. (IMPRINT)
Place of publication New York :
Name of publisher Oxford University Press,
Year of publication 1993.
300 ## - PHYSICAL DESCRIPTION
Number of Pages vi, 269 p. :
Other physical details ill.
650 #0 - SUBJECT ADDED ENTRY--TOPICAL TERM
Topical Term Historical museums
Topical Term Museum conservation methods
Topical Term Dwellings
856 40 - ELECTRONIC LOCATION AND ACCESS
Uniform Resource Identifier http://site.ebrary.com/lib/rucke/Doc?id=10278266

No items available.

© 2026 Rongo University
Contact us: librarian | system librarian | Rongo university